000 00700nam a22001697a 4500
005 20120130131953.0
008 120130t xxu||||| |||| 00| 0 eng d
020 _a8185944032
_c00.00
035 _aA-705780
040 _aDPL
_bENG
100 _aBell, Judith
_940384
245 _aHow to complete your research project successfully :
_bA guide for first-time researchers /
_cby Judith Bell
260 _aNew Delhi
_bUBS Publishers Distributors Ltd.
_c1993
300 _a139p.
_c18 cms.
942 _2ddc
_cEN
_h001.42
_mBEL
999 _c61676
_d61676